000 00839nam a22001337a 4500
040 _cRUA
082 _aLMA YIM 2017 B640 Or.1
100 _aYIM KAKVEI យឹក កវី
245 _astudy on land dispute resolution process at knang kroper lech and knang kroper kert village tromoung commune memot district tbong kmom province ការសិក្សារពីការដោះស្រាយវិវាទដីធ្លីនៅភូមិស្នងក្រពើលិច​និង​ ភូមិខ្នងក្រពើកើត ឃុំត្រមូង ស្រុកមេមុត ខេត្តក្បូងឃ្មុំ
260 _aRUA
_bPhnom penh
_c2017
300 _aix;31p
_bill;
_c29cm
856 _uhttps://drive.google.com/file/d/1XmDg0E7vwB3gUoCn369MUvpY9piF_roa/view?usp=sharing
942 _cLMA
999 _c18129
_d18129